[Event "LUX-ch U16"]
[Site "Luxembourg"]
[Date "1998.02.21"]
[Round "1"]
[White "Santana, Christopher"]
[Black "Wilhelm, Marc"]
[Result "1/2-1/2"]
[WhiteElo "1375"]
[BlackElo "1445"]
[PlyCount "45"]
[EventDate "1998.??.??"]
[EventType "tourn"]
[EventRounds "4"]
[EventCountry "LUX"]
[SourceTitle "EXT 2003"]
[Source "ChessBase"]
[SourceDate "2002.11.25"]
[SourceVersion "1"]
[SourceVersionDate "2002.11.25"]
[SourceQuality "1"]

1. e4 c5 2. Nf3 d6 3. Bc4 e6 4. Nc3 Nc6 5. d3 g6 6. Be3 Bg7 7. 0-0 Nge7 8. d4 cxd4 9. Nxd4 0-0 10. Qd2 Qc7 11. Ndb5 Qd7 12. Qxd6 a6 13. Qxd7 Bxd7 14. Nd6 b5 15. Bb3 b4 16. Na4 Nd4 17. Bxd4 Bxd4 18. c3 bxc3 19. bxc3 Be5 20. Rfd1 Bxa4 21. Bxa4 Bxc3 22. Rac1 Be5 23. Rc7 1/2-1/2